000 00304nam a2200145Ia 4500
999 _c14320
_d14320
003 OSt
005 20260326180753.0
008 260210s9999 xx 000 0 und d
020 _a9789881566331
082 _a728.314
100 _aLi
245 0 _aMountain Resorts
260 _bDMPL
942 _cUG
_2ddc